书目信息 |
| 题名: |
充满智慧的1200条贤哲箴言
|
|
| 作者: | 毕军 编 | |
| 分册: | ||
| 出版信息: | 天津 天津科学技术出版社 2010.07 |
|
| 页数: | 216页 | |
| 开本: | 23cm | |
| 丛书名: | ||
| 单 册: | ||
| 中图分类: | H033 | |
| 科图分类: | ||
| 主题词: | 箴言 , 箴言--世界--汇编 | |
| 电子资源: | ||
| ISBN: | 978-7-5308-5837-0 | |
| 000 | 00903nam0 2200265 450 | |
| 001 | 1134484105 | |
| 005 | 20111220093535.87 | |
| 010 | @a978-7-5308-5837-0@dCNY27.80 | |
| 090 | @aH03@bbj | |
| 096 | @aH03@bbj | |
| 100 | @a20101115d2010 em y0chiy50 ea | |
| 101 | 0 | @achi |
| 102 | @aCN@b120000 | |
| 105 | @ay z 000yy | |
| 200 | 1 | @a充满智慧的1200条贤哲箴言@b专著@f毕军编@9chong man zhi hui de 1200 tiao xian zhe zhen yan |
| 210 | @a天津@c天津科学技术出版社@d2010.07 | |
| 215 | @a216页@d23cm | |
| 300 | @a永恒的经典系列 | |
| 330 | @a本书精选了古今中外一些名人的箴言,内容涉及了人生、社会的各个层面,包括对人生的感悟,对各类情感的体味,对处世作人的思考,对道德修养的劝言,对理想的追求,对命运的认识,还有对智慧与真理的渴望。 | |
| 606 | 0 | @a箴言 |
| 606 | 0 | @a箴言@y世界@j汇编 |
| 690 | @aH033@v4 | |
| 701 | 0 | @a毕军@4编@9bi jun |
| 801 | 0 | @aCN@b110017@c20100926 |
| 905 | @aZUCC@dH033@eB758 | |
| 充满智慧的1200条贤哲箴言/毕军编.-天津:天津科学技术出版社,2010.07 |
| 216页;23cm |
| 永恒的经典系列 |
| ISBN 978-7-5308-5837-0:CNY27.80 |
| 本书精选了古今中外一些名人的箴言,内容涉及了人生、社会的各个层面,包括对人生的感悟,对各类情感的体味,对处世作人的思考,对道德修养的劝言,对理想的追求,对命运的认识,还有对智慧与真理的渴望。 |
| ● |
| 相关链接 |
|
|
|
正题名:充满智慧的1200条贤哲箴言
索取号:H033/B758
 
预约/预借
| 序号 | 登录号 | 条形码 | 馆藏地/架位号 | 状态 | 备注 |
| 1 | 827896 | 208278969 | 语言库209/209语言库 66排2列2层/ [索取号:H033/B758] | 在馆 | |
| 2 | 827897 | 208278978 | 语言库209/209语言库 66排2列2层/ [索取号:H033/B758] | 在馆 | |
| 3 | 827898 | 208278987 | 语言库209/209语言库 66排2列2层/ [索取号:H033/B758] | 在馆 |